Quizzes
Events
Quiz Creation
Community
Videos
Private Events
Remove Ads
Sign In
Join for FREE
Feedback
Dark Mode
Quiz Categories
Sports
Geography
Music
Movies
Television
Just For Fun
Miscellaneous
History
Literature
Language
Science
Gaming
Entertainment
Religion
Holiday
For Kids
Quiz Lab
Recent
Popular Today
Quiz Kudos Today
Editor Picks
Curator Picks
Quizzes by...
Day
Popularity
Type
Ratings
Length
Year
Community
Subscriptions
Recent Discussions
Orange Saloon
Badges
Playlists
Quests
Create
Leaderboards
Showdown
Live 5
Trivia Bingo
Activity
Puzzle Library
Sporcle Events
Private Events
Virtual Trivia
Globe League
Become a Host
Pub Owners
SporcleCon
Opinionation
Our Games
Videos
Blog
Mobile Apps
Partnerships
Remove Ads and Go Orange
Feedback
Sports
Athletes
MLB
NBA
NHL
NFL
Soccer
Sports Teams
WWE
NCAA
Football
Premier League
Basketball
Baseball
Hockey
Golf
Tennis
Cricket
Rugby
Auto Racing
Olympics
World Cup
Sports
Athletes
MLB
NBA
NHL
NFL
Soccer
Sports Teams
WWE
NCAA
Football
Premier League
Basketball
Baseball
Hockey
Golf
Tennis
Cricket
Rugby
Auto Racing
Olympics
World Cup
Random Quiz
Search Sporcle
×
Quiz Lab
Quiz Lab
Sports
WWE
Type in answers that appear in a list
Type in answers that appear in a list
Classic
Best Score? Go Orange.
WWE Hall of Fame Stats
Can you name the WWE Hall of Fame?
By
Bradbingham
15m
71 Questions
512 Plays
512 Plays
512 Plays
Comments
Comments
Give Quiz Kudos
Give Quiz Kudos
-
- Ratings
hide this ad
More Info
Replay
Link that replays current quiz
Next Quiz
Link to next quiz in quiz playlist
You Got
0%
They Got
Avg Score
58%
Avg Friend Score
Upgrade to see
Score Distribution
Jump to the score distribution portion of the page
Score
0/71
Timer
15:00
0
Plays Today
% Correct
Andre The Giant
91.2%
Hulk Hogan
88.9%
'Nature Boy' Ric Flair
81.4%
'Cowboy' Bob Orton
77.7%
'Rowdy' Roddy Piper
77.3%
Bret 'Hitman' Hart
77%
Jerry 'The King' Lawler
74.6%
Bobby 'The Brain' Heenan
74.4%
Stone Cold Steve Austin
73.8%
'Superfly' Jimmy Snuka
73%
'Soul Man' Rocky Johnson
72.5%
Jim Ross
71.9%
The Fabulous Moolah
71.3%
Jesse 'The Body' Ventura
70.1%
'Mr. Perfect' Curt Hennig
69.5%
Gorilla Monsoon
68.9%
Koko B. Ware
67.8%
Sgt. Slaughter
67.2%
Mae Young
67.2%
Big John Studd
66.8%
Pat Patterson
66.4%
Nikolai Volkoff
65.8%
Ricky 'The Dragon' Steamboat
65.6%
'High Cheif' Peter Maivia
65.4%
Pete Rose
65.2%
'Classy' Freddie Blassie
65%
The Von Erich Family (Fritz, Kevin, David, Mike, Kerry, & Chris)
64.6%
'Nature Boy' Buddy Rogers
63.9%
'Mr. Wonderful' Paul Orndorff
63.9%
Howard Finkel
63.5%
'The American Dream' Dusty Rhodes
63.3%
Killer Kowalski
60.7%
Tito Santana
60.2%
The Sheik
59.6%
Harley Race
59.2%
The Iron Sheik
59%
% Correct
'Mr. USA' Tony Atlas
58.6%
Jimmy Hart
56.6%
Pedro Morales
56.3%
Don Muraco
56.3%
Mr. Fuji
56.3%
'Captain' Lou Albano
56.1%
'Chief' Jay Strongbow
55.9%
'Sensational' Sherri
55.7%
'Big Cat' Ernie Ladd
54.3%
'Mean' Gene Okerlund
54.3%
Verne Gagne
53.5%
Vince McMahon Sr.
52.1%
Junkyard Dog
52.1%
Greg 'The Hammer' Valentine
51.8%
'Superstar' Billy Graham
51%
Eddie Guerrero
51%
Gordon Solie
50.8%
Bobo Brazil
49.6%
The Brisco Brothers (Gerald & Jack)
49.6%
George 'The Animal' Steele
49%
The Blackjacks (Lanza & Windham)
49%
The Wild Samoans (Afa & Sika)
46.7%
The Grand Wizard
46.5%
'Cowboy' Bill Watts
46.1%
Ivan Putski
44.7%
Nick Bockwinkel
41.8%
James Dudley
41.6%
Arnold Skaaland
40.8%
William 'The Refrigerator' Perry
40.8%
The Valiant Brothers (Jimmy & Johnny)
40%
The Funks (Terry & Dory)
39.8%
Johnny Rodz
33.8%
Eddie Graham
33.8%
Antonino Rocca
33.4%
'Baron' Mikel Scicluna
28.7%
Quiz Playlist
Details
Report
Send in Message
Add To Playlist
More Info:
Name all the WWE Hall of Famers
Classic:
Type in answers that appear in a list
Last Updated: Feb 16, 2017
Quiz Scoreboard
CHALLENGE
Sign Up to Join the Scoreboard
Show All
Scores
Hide
Comments
May contain spoilers
Recently Published
9x9 Crossword: Cartoon Network
by jackfrog10
Miscellaneous
3m
College Basketball Coaching Resumes
by pancakes188
Sports
9m
Billboard Blitz: Fleetwood Mac
by CooCooCachoo
Music
15s
More to Explore
Quiz From the Vault
Featured Blog Post
Where Did the Easter Bunny Come From?
hide this ad
You Might Also Like...
Tags
WWE Quiz
fame
hall
Today's Top Quizzes in Sports
Browse Sports
hide this ad
Today's Top Quizzes in WWE
Browse WWE
Top Contributed Quizzes in Sports
1
2022 World Cup Stars
2
Les meilleurs buteurs des matchs entre le PSG et l’OM
3
FIFA Club World Cup Champions
4
Les entraîneurs de l'OM et du PSG au 21e siècle
5
Criteria MLB: Left Handed Sluggers
6
AFC Teams Reveal (Wrong Answers Minefield)
7
2023 MLB Unique Player Accomplishments
8
5-to-1: FBS Animal Nicknames
9
Players with Multiple 50 Home Run Seasons
10
5-to-1: UK Sports Teams
Explore More
Trending Topics
Harry Potter
Marvel
Disney
Crossword
Anime
Kpop
NBA
Puzzle
NFL
Country
Pokémon
The Office
WWE
Soccer
Song
hide this ad
More By:
Bradbingham
Quiz
Plays
Rating
Category
Featured
Created
WWE Hall of Fame
512
3.00
Sports
Dec 22, 2009
Wrestlemania Openers
428
2.80
Sports
Dec 23, 2009
Suikoden Returning Stars of Destiny
403
4.33
Gaming
Dec 22, 2009
Hulk Hogan's Rock 'n' Wrestling
382
5.00
Sports
Feb 24, 2010
Wishes made on the Dragonballs
309
3.00
Television
Dec 22, 2009
Go to Creator's Profile
Score Distribution
Quiz Creator Spotlight
Bradbingham
Follow
Send a Message
Quizzes Created
-
Created Quiz Play Count
-
More By This Creator
Popular Quizzes Today
1
Find the US States - No Outlines Minefield
2
Find the Countries of Europe - No Outlines Minefield
3
The Countries of the World
4
Find the US States
5
Risky Map Clicking: Biggest States A-Z
6
US States
7
Popular People in 1961
8
Movies - When Are They Set?
More Sports Quizzes
F1 Facts Bunker
Quiz Lab
Trending Quizzes
Risky Map Clicking: Least Populous States A-Z
1-10 Letter G Words
1-10 Letter F Words
Risky Map Clicking: Next State Alphabetically
Adjectives in 80s TV Shows
Recently Updated
Leaping Animals
pecheneg
Reality TV Shows (A-Z)
bhenderson79
Rickey Henderson's Hall of Fame Teammates
pecheneg
Champions League XIs: Arsenal
pecheneg
Quick Pick: Celebrities in WWE's Hall of Fame
aduchscher
A-Z Keypad Blitz II
pecheneg
Multiple Oscar Actors
pecheneg
Mystery Phrase Blitz: Oscar 'Best Actors'
pecheneg
F. Scott Fitzgerald Novels
LTH
Pick 3 Villains
ddd62291
Trending Topics
Disney
Harry Potter
Marvel
Anime
Crossword
Kpop
NBA
WWE
Soccer
Pokémon
NFL
Puzzle
Country
Song
The Office
Your Account Isn't Verified!
In order to create a playlist on Sporcle, you need to verify the email address you used during registration. Go to your
Sporcle Settings
to finish the process.
Report this User
Report this user for behavior that violates our
Community Guidelines
.
Details:
Send Report
Go to the Sporcle.com Mobile Site →
Comments